Uzupełnił tytuł #1 - The Beatles - Statystyki

Ogólne statystyki
  • Ten quiz został rozwiązany 90 razy
  • Średni wynik to 17 z 24
Statystyki odpowiedzi
Lp Tytuł % Poprawnych
4 {Hey} Jude
98%
5 Let it {Be}
96%
2 {Yellow} Submarine
96%
13 All You {Need} Is Love
90%
19 I Want To Hold Your {Hand}
89%
8 Here {Comes} The Sun
84%
12 She Loves {You}
80%
1 Strawberry {Fields} Forever
78%
7 {Come} Together
77%
6 Lucy In The Sky With {Diamonds}
72%
10 Eleanor {Rigby}
71%
3 While My {Guitar} Gently Weeps
71%
11 Helter {Skelter}
65%
24 Please Please {Me}
64%
22 A {Hard} Day's Night
61%
21 {Hello}, Goodbye
58%
15 {Ticket} To Ride
55%
23 Can't {Buy} Me Love
54%
14 Back in The {U.S.S.R.}
53%
17 {I Am} The Walrus
53%
16 A Day In {Life}
52%
9 I'll Follow The {Sun}
51%
20 {Day} Tripper
48%
18 {Dear} Prudence
46%
Nie znaleziono quizów pasujących do podanych kryteriów
Rozkład punktacji
Procent ludzi z każdym wynikiem
Percentyl według liczby udzielonych odpowiedzi
Twoja historia wyników
Nie rozwiązałeś tego quizu